000 00500nam a2200181 a 4500
001 1526
005 20140414131852.0
008 001116s19uu xx 00 eng d
020 _a1-85758-187-3
050 _aM 629.13
_bC81 1992
100 _aCorbett, Pie
245 _aFrank and the flying machine /
_cPie Corbett.
260 _aLondon :
_bLett's Educational,
_c1992.
300 _a1 v. p. col. ; cm.
500 _aNational Curriculum Key Stae Two.
650 _aAeronautics.
999 _c110226
_d110226